MARC

LEADER 00000nam0a2200000 4500
001 675633
005 20241017114449.0
035 |a (RuTPU)RU\TPU\book\110979 
090 |a 675633 
100 |a 20241017d1979 km|y0rusy5003 ca 
101 0 |a rus 
102 |a RU 
105 |a a z 001yy 
181 0 |a i   |b  e  
182 0 |a n 
183 0 |a nc  |2 RDAcarrier 
200 1 |a Советские самолеты  |f А. С. Яковлев  |e краткий очерк 
205 |a 3-е изд., перераб. и доп. 
210 |a Москва  |c Наука  |d 1979 
215 |a 407 с.  |c ил. 
283 |a volume  |2 RDAcarrier 
320 |a Предметный указатель: с. 387-392 
320 |a Именной указатель: с. 393-397 
606 1 |a Самолетостроение в СССР  |x История  |9 71778 
610 1 |a самолетостроение 
610 1 |a советские самолеты 
610 1 |a Великая Отечественная война 
610 1 |a зарубежная авиация 
610 1 |a 20 век 
610 1 |a реактивные самолеты 
610 1 |a гражданский воздушный флот 
610 1 |a легкомоторная авиация 
610 1 |a морские самолеты 
610 1 |a авиационные двигатели 
610 1 |a отечественные самолеты 
610 1 |a летно-технические характеристики 
610 1 |a компоновочные схемы 
675 |a 629.73.002(09)  |v 4 
700 1 |a Яковлев  |b А. С.  |g Александр Сергеевич  |4 070 
801 0 |a RU  |b 63413507  |c 20241017  |g PSBO 
830 |a Ретро2024Каталогизация Шило 
942 |c BK